000 00419nam a2200145Ia 4500
005 20260328101446.0
008 260328s9999||||xx |||||||||||||| ||und||
100 _aBarthelmeh, Volker
245 0 _aStreet murals :
_b The most exciting art of the Cities of America, Britain and Western Europe /
_cVolker Barthelmeh
250 _a5a ed.
260 _bAlfred A. Knopf
300 _a120 p.
650 _aARTE
942 _cBK
999 _c8474
_d8474